000 00546nam a2200193Ia 4500
003 OSt
005 20230609151002.0
008 210423s2002 xx 000 0 und d
040 _cAL
082 _a305.562 TIWI
_223
100 _aTIWARI (R S)
_9123430
245 _aInformal sector workers problem and prospects
260 _aNew Delhi
_bAnmol Publications
_c2002
365 _b900
_cINR
650 _aSocial Classes
_9123431
650 _aSociology
_9123432
906 _aInformal ; problem ; prospects ; sector ; workers
942 _2ddc
_cBK
999 _c174301
_d174301